Regions of Spain Map Quiz - (In Spanish) - Statistics

General Stats
  • This quiz has been taken 283 times
  • The average score is 14 of 17
Answers on the Map
Answers color-coded by a green-red scale on the quiz's map according to % correct below.
 
Answer Stats
Answer % Correct
Islas Baleares
94%
Cataluña
92%
Islas Canarias
91%
Madrid
91%
Andalucia
88%
Galicia
86%
Comunidad Valenciana
84%
Castile-La Mancha
83%
Murcia
83%
Castile León
81%
Extremadura
80%
Aragon
79%
Asturias
78%
La Rioja
73%
Pais Vasco
72%
Cantabria
66%
Navarra
65%
No matching quizzes found
Score Distribution
Percent of People with Each Score
Percentile by Number Answered
Your Score History
You have not taken this quiz